<?xml version="1.0" encoding="UTF-8"?>
<record
    xmlns:xsi="http://www.w3.org/2001/XMLSchema-instance"
    xsi:schemaLocation="http://www.loc.gov/MARC21/slim http://www.loc.gov/standards/marcxml/schema/MARC21slim.xsd"
    xmlns="http://www.loc.gov/MARC21/slim">

  <leader>01745nam a22002657a 4500</leader>
  <controlfield tag="008">170715s2002        cr||||| |||| 00| 0 eng d</controlfield>
  <datafield tag="020" ind1=" " ind2=" ">
    <subfield code="a">9968899070</subfield>
  </datafield>
  <datafield tag="082" ind1="0" ind2="4">
    <subfield code="a">708</subfield>
    <subfield code="b">T314d</subfield>
  </datafield>
  <datafield tag="110" ind1="1" ind2=" ">
    <subfield code="a">TEOR/&#xE9;tica.</subfield>
    <subfield code="9">5471</subfield>
  </datafield>
  <datafield tag="245" ind1="1" ind2="3">
    <subfield code="a">Do it /</subfield>
    <subfield code="c">TEOR/&#xE9;tica ; curadur&#xED;a Hans-Ulrich Obrist, Virginia P&#xE9;rez Ratton y Tamara D&#xED;az Bringas.</subfield>
  </datafield>
  <datafield tag="246" ind1="2" ind2="1">
    <subfield code="a">H&#xE1;galo.</subfield>
  </datafield>
  <datafield tag="250" ind1=" " ind2=" ">
    <subfield code="a">1a edici&#xF3;n.</subfield>
  </datafield>
  <datafield tag="260" ind1=" " ind2=" ">
    <subfield code="a">San Jos&#xE9;, Costa Rica :</subfield>
    <subfield code="b">TEOR/&#xE9;tica,</subfield>
    <subfield code="c">2002.</subfield>
  </datafield>
  <datafield tag="300" ind1=" " ind2=" ">
    <subfield code="a">68 p&#xE1;ginas.</subfield>
  </datafield>
  <datafield tag="505" ind1="0" ind2=" ">
    <subfield code="t">Instrucciones para asistir  a la inaguraci&#xF3;n de DO IT en TEOR/&#xE9;tica</subfield>
    <subfield code="r">Paz F&#xE1;brega.</subfield>
    <subfield code="t">Do it: exposici&#xF3;n entre lo real y lo virtual, entre la repetici&#xF3;n y la diferencia</subfield>
    <subfield code="r">Hans-Ulrich Obrist.</subfield>
    <subfield code="t">DO IT (H&#xE1;galo) en TEOR/&#xE9;tica</subfield>
    <subfield code="r">Virginia P&#xE9;rez-Ratton.</subfield>
    <subfield code="t">Algunos fragmentos de la historia del arte "h&#xE1;galo usted mismo"</subfield>
    <subfield code="r">Hans-Ulrich Obrist.</subfield>
    <subfield code="t">Do it en TEOR/&#xE9;tica</subfield>
    <subfield code="r">A 153167 (An&#xED;bal L&#xF3;pez), Marina Abramovic, Michel Blazy, Christian Boltanski, Minerva Cuevas, Hans-Peter Feldmann, Claudia Fern&#xE1;ndez, Dominique Gonz&#xE1;lez-Foerster, F&#xE9;lix Gonz&#xE1;lez-Torres, Joseph Grigely, Fabio Herrera, Federico Herrero, Marisel Jim&#xE9;nez, Bertrand Lavier, Sol LeWitt, Cildo Meireles, Xenia Mej&#xED;a, Priscilla Monge, Yoko Ono, Cecilia Paredes, Michelangelo Pistoletto, Tadej Pogacar &amp; P.A.R.A.S.I.T.E musem, Marjetica Potrc, Ra&#xFA;l Quintanilla, Joaqu&#xED;n Rodr&#xED;guez del Paso, Yasunao Tone, Humberto V&#xE9;lez y Anto Vidokle.</subfield>
  </datafield>
  <datafield tag="653" ind1="1" ind2="0">
    <subfield code="a">Arte contempor&#xE1;neo </subfield>
  </datafield>
  <datafield tag="653" ind1="1" ind2="0">
    <subfield code="a">Cat&#xE1;logo de exhibici&#xF3;n </subfield>
  </datafield>
  <datafield tag="653" ind1="1" ind2="0">
    <subfield code="a">Exhibiciones</subfield>
  </datafield>
  <datafield tag="653" ind1="1" ind2="0">
    <subfield code="a">Arte conceptual</subfield>
  </datafield>
  <datafield tag="653" ind1="1" ind2="0">
    <subfield code="a">Eventos art&#xED;sticos</subfield>
  </datafield>
  <datafield tag="653" ind1="1" ind2="0">
    <subfield code="a">Arte interactivo</subfield>
  </datafield>
  <datafield tag="700" ind1="1" ind2=" ">
    <subfield code="a">Ulrich Obrist, Hans.</subfield>
    <subfield code="e">curador.</subfield>
    <subfield code="9">5867</subfield>
  </datafield>
  <datafield tag="700" ind1="1" ind2=" ">
    <subfield code="a">P&#xE9;rez-Ratton, Virginia.</subfield>
    <subfield code="e">curadora.</subfield>
    <subfield code="9">580</subfield>
  </datafield>
  <datafield tag="700" ind1="1" ind2=" ">
    <subfield code="a">D&#xED;az Bringas, Tamara.</subfield>
    <subfield code="e">curadora.</subfield>
    <subfield code="9">832</subfield>
  </datafield>
  <datafield tag="999" ind1=" " ind2=" ">
    <subfield code="c">1230</subfield>
    <subfield code="d">1230</subfield>
  </datafield>
  <datafield tag="952" ind1=" " ind2=" ">
    <subfield code="0">0</subfield>
    <subfield code="1">0</subfield>
    <subfield code="2">ddc</subfield>
    <subfield code="4">0</subfield>
    <subfield code="7">0</subfield>
    <subfield code="a">LV</subfield>
    <subfield code="b">LV</subfield>
    <subfield code="c">Colecci&#xF3;n Teor&#xE9;tica</subfield>
    <subfield code="d">2017-07-15</subfield>
    <subfield code="l">1</subfield>
    <subfield code="o">708 T314d</subfield>
    <subfield code="p">004437</subfield>
    <subfield code="r">2017-10-18 00:00:00</subfield>
    <subfield code="s">2017-09-04</subfield>
    <subfield code="w">2017-07-15</subfield>
    <subfield code="y">01</subfield>
  </datafield>
</record>
